Etiologie maladie infectieuse - Statistiques

Statistiques générales
  • Ce quiz a été pris 28 fois
  • Le résultat moyen est 5 sur 24
Statistiques - réponses
Hint Réponse % Correct
La tuberculose Mycobacterium tuberculosis
79%
La listériose listeria monocytogenes
64%
Le tétanos clostridium tetani
57%
La salmonellose salmonella typhi
50%
Anthrax Bacillus anthracis
36%
Le botulisme clostridium botulinum
29%
- Mycobacterium bovis
29%
Les pasteurelloses pasteurella multocida
29%
La brucellose brucella abortus
21%
- brucella canis
21%
La leptospirose leptospira interrogans
21%
- Mycobacterium avium
21%
Le rouget erysipelothrix rhusiopathiae
14%
La paratuberculose mycobacterium avium subsp paratuberculosis
14%
- brucella melitensis
7%
épididymite contagieuse du bélier brucella ovis
7%
La morve burkholderia mallei
7%
- salmonella typhimurium
7%
- brucella neotomae
0%
- brucella rengifei
0%
- brucella suis
0%
- mannheimia haemolytica
0%
- salmonella cholerae suis
0%
- salmonella enteritidis
0%
Aucun quiz correspondant
Distribution des résultats
% des personnes avec chaque résultat
Percentile par nombre de réponses
Votre historique - résultats
Vous n’avez pas pris ce quiz